00388nam a22000977a 4500008004100000100003600041245007100077260008300148300003500231650002400266200324b ||||| |||| 00| 0 eng d aThe United Republic of Tanzania aThe economic survey 2006cThe united republic of TanzaniahEnglish aDar Es Salaam-TanzaniabThe Ministry of Planning Economy and empowermentc2007 axvii,222p.bIllustrationc22cm 2The economic survey